Comentarios de la guerra de las Galias (Registro nro. 18445)

Detalles MARC
000 -CABECERA
Longitud fija campo de control 00638nam a22002171i 4500
003 - IDENTIFICADOR DELl NÚMERO DE CONTROL
Identificador del número de control OSt
005 - FECHA Y HORA DE LA ÚLTIMA TRANSACCIÓN
Fecha y hora de la última transacción 20150312180442.0
008 - CÓDIGOS DE INFORMACIÓN DE LONGITUD FIJA
Códigos de información de longitud fija 900514s1995 sp spa
020 ## - NÚMERO INTERNACIONAL NORMALIZADO PARA LIBROS
Número Internacional Normalizado para Libros (ISBN) 968-432-645-9
040 ## - FUENTE DE LA CATALOGACIÓN
Centro transcriptor BMC
082 ## - NÚMERO DE LA CLASIFICACIÓN DECIMAL DEWEY
Númeroo de clasificación 936.4
100 10 - PUNTO DE ACCESO PRINCIPAL-NOMBRE DE PERSONA
9 (RLIN) 107
Nombre de persona César, Cayo Julio
245 10 - MENCIÓN DE TÍTULO
Título Comentarios de la guerra de las Galias
Mención de responsabilidad, etc. Julio César ; prólogo, Xavier Tavera
250 ## - MENCIÓN DE EDICIÓN
Mención de edición 6ª ed
260 0# - PUBLICACIÓN, DISTRIBUCIÓN, ETC. (PIE DE IMPRENTA)
Lugar de publicación, distribución, etc. México D.F.
Nombre del editor, distribuidor, etc. Porrúa
Fecha de publicación, distribución, etc. 1995
300 ## - DESCRIPCIÓN FÍSICA
Extensión 195 p.
Dimensiones 22 cm
490 ## - MENCIÓN DE SERIE
Mención de serie Sepan cuantos...
Designación de volumen o secuencia 20
651 24 - PUNTO DE ACCESO ADICIONAL DE MATERIA - NOMBRE GEOGRÁFICO
9 (RLIN) 30903
Nombre geográfico Galia
Subdivisión de materia general Historia
Subdivisión cronológica 58-51 a.C. (Guerra de las Galias)
700 1# - PUNTO DE ACCESO ADICIONAL - NOMBRE DE PERSONA
9 (RLIN) 30905
Nombre de persona Tavera Alfaro, Xavier
942 ## - ENTRADA DE ELEMENTOS AGREGADOS (KOHA)
Fuente de clasificaión o esquema Dewey Decimal Classification
Koha [por defecto] tipo de item 1- Monografias
Existencias
Suprimido Perdido Fuente de clasificación o esquema Estropeado Restricciones de uso No para préstamo Código de colección Localización permanente Localización actual Localización en estanter&íacute;as Fecha adquisición Fuente de adquisición Número de inventario Préstamos totales Signatura completa Código de barras Fecha última consulta Fecha del precio de reemplazo Tipo de item de Koha
NULL NULL Dewey Decimal Classification NULL Prestable NULL NULL Biblioteca Miguel de Cervantes - UNICAES Biblioteca Miguel de Cervantes - UNICAES Sala Principal 18/03/1994 Donación - Toshiaki 028039   936.4 CES com 1028449 13/02/2015 13/02/2015 1- Monografias